[Event "DSJ Weihnachtsturnier U20w 2020"]
[Site "https://play.chessbase.com/en/play?room=DSJWeihnachtU20w"]
[Date "2020.12.29"]
[Round "7"]
[White "Rössling, Laura Marie"]
[Black "Sokolowski, Judith"]
[Result "0-1"]
[Termination "normal"]
[Board "6.3"]
[WhiteElo "991"]
[BlackElo "1761"]
[WhiteTeam "Schachzwerge Magdeburg"]
[BlackTeam "Düsseldorfer Schachklub 14/25"]
[PlyCount "96"]
[WhiteFideId "16289471"]
[BlackFideId "16200624"]
[EventRounds "7"]
[EventType "team-swiss"]
[EventDate "2020.12.29"]

1. e4 {[%emt 0:00:08]} c5 {[%emt 0:00:02]} 2. Nf3 {[%emt 0:00:06]} e6 {[%emt 0:
00:02]} 3. Bc4 {[%emt 0:00:09]} Nc6 {[%emt 0:00:10]} 4. Nc3 {[%emt 0:00:19]} a6
{[%emt 0:00:05]} 5. O-O {[%emt 0:00:16]} b5 {[%emt 0:00:04]} 6. Be2 {[%emt 0:
00:39]} Bb7 {[%emt 0:00:08]} 7. d4 {[%emt 0:00:32]} cxd4 {[%emt 0:00:08]} 8.
Nxd4 {[%emt 0:00:04]} Nf6 {[%emt 0:00:19]} 9. Bg5 {[%emt 0:00:24]} Be7 { [%emt
0:00:10]} 10. Bf3 {[%emt 0:00:43]} Ne5 {[%emt 0:00:33]} 11. Qd2 {[%emt 0:
00:42]} O-O {[%emt 0:00:24]} 12. Qf4 {[%emt 0:00:21]} Nxf3+ {[%emt 0:00:16]}
13. Qxf3 {[%emt 0:00:16]} b4 {[%emt 0:00:21]} 14. Bxf6 {[%emt 0:00:30]} Bxf6 {
[%emt 0:00:13]} 15. Nce2 {[%emt 0:00:15]} d5 {[%emt 0:00:17]} 16. Qh3 {[%emt 0:
00:53]} Qb6 {[%emt 0:01:12]} 17. Rad1 {[%emt 0:00:21]} dxe4 {[%emt 0:00:10]}
18. Nf4 {[%emt 0:00:37]} Bxd4 {[%emt 0:00:55]} 19. c3 {[%emt 0:00:04]} Be5 {
[%emt 0:00:15]} 20. Nh5 {[%emt 0:00:44]} bxc3 {[%emt 0:00:30]} 21. bxc3 { [%emt
0:00:05] Magdebg1-003 offers a draw} g6 {[%emt 0:00:38]} 22. Ng3 { [%emt
0:00:16]} Rac8 {[%emt 0:00:15]} 23. Rb1 {[%emt 0:00:42]} Qc7 {[%emt 0:00: 18]}
24. c4 {[%emt 0:00:20]} Bc6 {[%emt 0:00:19]} 25. Rfe1 {[%emt 0:00:10]} Bxg3
{[%emt 0:00:03]} 26. Qxg3 {[%emt 0:00:06]} Qxg3 {[%emt 0:00:03]} 27. hxg3
{[%emt 0:00:06]} Rb8 {[%emt 0:00:15]} 28. Rb3 {[%emt 0:00:14]} Ba4 {[%emt 0:00:
10]} 29. Ra3 {[%emt 0:00:06]} Rb4 {[%emt 0:00:12]} 30. Rxe4 {[%emt 0:00:10]}
Rc8 {[%emt 0:00:11]} 31. Rc3 {[%emt 0:00:04]} Bc6 {[%emt 0:00:16]} 32. Rd4 {
[%emt 0:00:22]} Rb1+ {[%emt 0:00:05]} 33. Kh2 {[%emt 0:00:04]} Rb2 {[%emt 0:00:
05]} 34. f3 {[%emt 0:00:05]} Rxa2 {[%emt 0:00:04]} 35. g4 {[%emt 0:00:06]} a5 {
[%emt 0:00:04]} 36. g5 {[%emt 0:00:04]} a4 {[%emt 0:00:04]} 37. c5 {[%emt 0:00:
06]} Ra1 {[%emt 0:00:17]} 38. Rc2 {[%emt 0:00:03]} a3 {[%emt 0:00:03]} 39. Ra4
{[%emt 0:00:05]} Bxa4 {[%emt 0:00:05]} 40. c6 {[%emt 0:00:02]} Rxc6 {[%emt 0:
00:08]} 41. Rxc6 {[%emt 0:00:02]} Bxc6 {[%emt 0:00:04]} 42. Kh3 {[%emt 0:00:02]
} a2 {[%emt 0:00:09]} 43. g4 {[%emt 0:00:02]} Rb1 {[%emt 0:00:11]} 44. Kg3 {
[%emt 0:00:02]} a1=Q {[%emt 0:00:05]} 45. Kf4 {[%emt 0:00:01]} Qd4+ {[%emt 0:
00:03]} 46. Kg3 {[%emt 0:00:04]} Rg1+ {[%emt 0:00:04]} 47. Kh2 {[%emt 0:00:02]}
Qf2+ {[%emt 0:00:03]} 48. Kh3 {[%emt 0:00:02]} Rh1# {[%emt 0:00:03]} 0-1

[Event "DSJ Weihnachtsturnier U20w 2020"]
[Site "https://play.chessbase.com/en/play?room=DSJWeihnachtU20w"]
[Date "2020.12.29"]
[Round "7"]
[White "Kogan, Dina Rachel"]
[Black "Nönnig, Lotte"]
[Result "1-0"]
[Termination "normal"]
[Board "6.4"]
[WhiteElo "1360"]
[BlackElo "768"]
[WhiteTeam "Düsseldorfer Schachklub 14/25"]
[BlackTeam "Schachzwerge Magdeburg"]
[PlyCount "61"]
[WhiteFideId "16200608"]
[BlackFideId "34611509"]
[EventRounds "7"]
[EventType "team-swiss"]
[EventDate "2020.12.29"]

1. e4 {[%emt 0:00:04]} e5 {[%emt 0:00:02]} 2. d4 {[%emt 0:00:02]} exd4 { [%emt
0:00:03]} 3. Qxd4 {[%emt 0:00:02]} Nc6 {[%emt 0:00:03]} 4. Qe3 {[%emt 0:
00:02]} Nf6 {[%emt 0:00:10]} 5. Nc3 {[%emt 0:00:02]} Bc5 {[%emt 0:00:10]} 6.
Qxc5 {[%emt 0:00:18]} d6 {[%emt 0:00:03]} 7. Qe3 {[%emt 0:00:03]} Nb4 {[%emt 0:
00:06]} 8. Bd3 {[%emt 0:00:09]} c5 {[%emt 0:00:09]} 9. a3 {[%emt 0:00:21]} c4 {
[%emt 0:00:02]} 10. axb4 {[%emt 0:00:05]} cxd3 {[%emt 0:00:02]} 11. cxd3 {
[%emt 0:00:04]} O-O {[%emt 0:00:04]} 12. Nf3 {[%emt 0:00:08]} Nxe4 {[%emt 0:00:
02]} 13. dxe4 {[%emt 0:00:05]} d5 {[%emt 0:00:01]} 14. Nxd5 {[%emt 0:00:11]}
Bf5 {[%emt 0:00:10]} 15. O-O {[%emt 0:00:13]} Bxe4 {[%emt 0:00:03]} 16. Qxe4 {
[%emt 0:00:04]} Re8 {[%emt 0:00:09]} 17. Qd3 {[%emt 0:00:16]} Re6 {[%emt 0:00:
09]} 18. Ng5 {[%emt 0:00:27]} g6 {[%emt 0:00:19]} 19. Nxe6 {[%emt 0:00:07]}
fxe6 {[%emt 0:00:03]} 20. Nf4 {[%emt 0:00:04]} Qe7 {[%emt 0:00:13]} 21. Qb3 {
[%emt 0:00:25]} Rd8 {[%emt 0:00:14]} 22. Nxe6 {[%emt 0:00:12]} Re8 {[%emt 0:00:
09]} 23. Nc7+ {[%emt 0:00:17]} Kf8 {[%emt 0:00:28]} 24. Bh6+ {[%emt 0:00:11]}
Qg7 {[%emt 0:00:06]} 25. Bxg7+ {[%emt 0:00:03]} Kxg7 {[%emt 0:00:00]} 26. Nxe8+
{[%emt 0:00:01] Magdebg1-004 reconnected.} Kh6 {[%emt 0:00:42]} 27. f4 { [%emt
0:00:08]} g5 {[%emt 0:00:11]} 28. fxg5+ {[%emt 0:00:25]} Kxg5 {[%emt 0: 00:02]}
29. Qg3+ {[%emt 0:00:03]} Kh5 {[%emt 0:00:02]} 30. Ng7+ {[%emt 0:00:10] } Kh6
{[%emt 0:00:02]} 31. Rf6# {[%emt 0:00:02]} 1-0

[Event "DSJ Weihnachtsturnier U20w 2020"]
[Site "https://play.chessbase.com/en/play?room=DSJWeihnachtU20w"]
[Date "2020.12.29"]
[Round "7"]
[White "Alferova, Emily"]
[Black "Rogozenco, Teodora"]
[Result "1-0"]
[Termination "normal"]
[Board "7.1"]
[BlackTitle "WFM"]
[WhiteElo "1365"]
[BlackElo "1978"]
[WhiteTeam "SC Garching 1980"]
[BlackTeam "Hamburger SK von 1830"]
[PlyCount "45"]
[WhiteFideId "16265904"]
[BlackFideId "12938084"]
[EventRounds "7"]
[EventType "team-swiss"]
[EventDate "2020.12.29"]

1. e4 {[%emt 0:00:05]} e5 {[%emt 0:00:02]} 2. Nf3 {[%emt 0:00:03]} Nc6 { [%emt
0:00:01]} 3. Bb5 {[%emt 0:00:04]} a6 {[%emt 0:00:03]} 4. Ba4 {[%emt 0:00: 03]}
Nf6 {[%emt 0:00:04]} 5. O-O {[%emt 0:00:05]} Be7 {[%emt 0:00:14]} 6. Re1 {
[%emt 0:00:05]} b5 {[%emt 0:00:02]} 7. Bb3 {[%emt 0:00:05]} O-O {[%emt 0:00:01]
} 8. d3 {[%emt 0:00:08]} d6 {[%emt 0:00:20]} 9. h3 {[%emt 0:00:13]} Nb8 { [%emt
0:00:03]} 10. Nc3 {[%emt 0:00:26]} c6 {[%emt 0:00:11]} 11. Ne2 {[%emt 0:
00:26]} Nbd7 {[%emt 0:00:03]} 12. Ng3 {[%emt 0:00:22]} Bb7 {[%emt 0:00:02]} 13.
Nf5 {[%emt 0:00:13]} h6 {[%emt 0:00:15]} 14. Bxh6 {[%emt 0:00:28]} gxh6 { [%emt
0:00:03]} 15. Qd2 {[%emt 0:00:07]} Ne8 {[%emt 0:00:19]} 16. Qxh6 { [%emt
0:00:12]} d5 {[%emt 0:00:21]} 17. Re3 {[%emt 0:00:08]} d4 {[%emt 0:00:41] } 18.
Nxe5 {[%emt 0:00:44]} dxe3 {[%emt 0:00:33]} 19. Qg6+ {[%emt 0:00:27]} Kh8
{[%emt 0:00:01]} 20. Qh5+ {[%emt 0:00:08]} Kg8 {[%emt 0:00:05]} 21. Bxf7+ {
[%emt 0:00:08]} Rxf7 {[%emt 0:00:12]} 22. Qxf7+ {[%emt 0:00:11]} Kh8 {[%emt 0:
00:02]} 23. Ng6# {[%emt 0:00:17]} 1-0

[Event "DSJ Weihnachtsturnier U20w 2020"]
[Site "https://play.chessbase.com/en/play?room=DSJWeihnachtU20w"]
[Date "2020.12.29"]
[Round "7"]
[White "Hubert, Charlotte"]
[Black "Frowein, Katja"]
[Result "0-1"]
[Termination "time forfeit"]
[Board "7.2"]
[WhiteElo "1549"]
[BlackElo "1377"]
[WhiteTeam "Hamburger SK von 1830"]
[BlackTeam "SC Garching 1980"]
[PlyCount "64"]
[WhiteFideId "16265920"]
[BlackFideId "16282949"]
[EventRounds "7"]
[EventType "team-swiss"]
[EventDate "2020.12.29"]

1. e4 {[%emt 0:00:03]} c5 {[%emt 0:00:01]} 2. Nf3 {[%emt 0:00:02]} d6 {[%emt 0:
00:01]} 3. Bb5+ {[%emt 0:00:04]} Bd7 {[%emt 0:00:06]} 4. Bxd7+ {[%emt 0:00:02]}
Qxd7 {[%emt 0:00:01]} 5. O-O {[%emt 0:00:10]} Nf6 {[%emt 0:00:02]} 6. Re1 {
[%emt 0:00:06]} Nc6 {[%emt 0:00:02]} 7. c3 {[%emt 0:00:07]} g6 {[%emt 0:00:02]}
8. d4 {[%emt 0:00:12]} cxd4 {[%emt 0:00:02]} 9. cxd4 {[%emt 0:00:03]} Bg7 {
[%emt 0:00:04]} 10. Nc3 {[%emt 0:00:07]} O-O {[%emt 0:00:04]} 11. Be3 {[%emt 0:
01:05]} Rfe8 {[%emt 0:00:13]} 12. d5 {[%emt 0:00:43]} Nb4 {[%emt 0:00:26]} 13.
a3 {[%emt 0:00:11]} Na6 {[%emt 0:00:05]} 14. Rc1 {[%emt 0:00:45]} Ng4 {[%emt 0:
00:22]} 15. Bd4 {[%emt 0:00:17]} Nf6 {[%emt 0:00:36]} 16. b4 {[%emt 0:00:17]}
b6 {[%emt 0:00:25]} 17. Qd3 {[%emt 0:00:37]} Nc7 {[%emt 0:00:15]} 18. e5 {
[%emt 0:01:10]} dxe5 {[%emt 0:00:12]} 19. Nxe5 {[%emt 0:00:02]} Qd6 {[%emt 0:
00:46]} 20. Nc4 {[%emt 0:00:22]} Qd8 {[%emt 0:01:03]} 21. d6 {[%emt 0:00:33]}
Ne6 {[%emt 0:00:20]} 22. Bxf6 {[%emt 0:00:27]} Bxf6 {[%emt 0:00:08]} 23. d7 {
[%emt 0:00:38]} Rf8 {[%emt 0:00:12]} 24. Ne4 {[%emt 0:00:19]} a5 {[%emt 0:00:
41]} 25. Nxf6+ {[%emt 0:00:06]} exf6 {[%emt 0:00:05]} 26. Qd6 {[%emt 0:00:41]}
axb4 {[%emt 0:00:23]} 27. axb4 {[%emt 0:00:08]} b5 {[%emt 0:00:02]} 28. Nb6 {
[%emt 0:00:16]} Ra6 {[%emt 0:00:52]} 29. Rc6 {[%emt 0:00:29]} Kg7 {[%emt 0:00:
56]} 30. g3 {[%emt 0:00:21]} h5 {[%emt 0:00:12]} 31. Rxe6 {[%emt 0:00:15]} fxe6
{[%emt 0:00:08]} 32. Rc8 {[%emt 0:00:13]} Qxc8 {[%emt 0:00:15] TimeW} 0-1

[Event "DSJ Weihnachtsturnier U20w 2020"]
[Site "https://play.chessbase.com/en/play?room=DSJWeihnachtU20w"]
[Date "2020.12.29"]
[Round "7"]
[White "Muhina, Liana"]
[Black "Wartenberg, Alissa"]
[Result "1/2-1/2"]
[Termination "normal"]
[Board "7.3"]
[WhiteElo "1273"]
[BlackElo "1562"]
[WhiteTeam "SC Garching 1980"]
[BlackTeam "Hamburger SK von 1830"]
[PlyCount "83"]
[WhiteFideId "16266145"]
[BlackFideId "16280741"]
[EventRounds "7"]
[EventType "team-swiss"]
[EventDate "2020.12.29"]

1. e4 {[%emt 0:00:02]} e5 {[%emt 0:00:02]} 2. Nf3 {[%emt 0:00:02]} Nc6 { [%emt
0:00:03]} 3. d4 {[%emt 0:00:02]} exd4 {[%emt 0:00:02]} 4. Nxd4 {[%emt 0:
00:02]} Bc5 {[%emt 0:00:02]} 5. Nxc6 {[%emt 0:00:04]} Qf6 {[%emt 0:00:03]} 6.
Qf3 {[%emt 0:00:05]} dxc6 {[%emt 0:00:11]} 7. Qxf6 {[%emt 0:00:08]} Nxf6 {
[%emt 0:00:02]} 8. Bd3 {[%emt 0:00:02]} O-O {[%emt 0:00:17]} 9. O-O {[%emt 0:
00:02]} Be6 {[%emt 0:00:08]} 10. Nc3 {[%emt 0:00:03]} Rfe8 {[%emt 0:00:10]} 11.
Re1 {[%emt 0:00:02]} Bb4 {[%emt 0:00:07]} 12. Bd2 {[%emt 0:00:16]} Rad8 { [%emt
0:00:12]} 13. a3 {[%emt 0:00:07]} Ba5 {[%emt 0:00:08]} 14. b4 {[%emt 0: 00:08]}
Bb6 {[%emt 0:00:06]} 15. Bg5 {[%emt 0:00:23]} Rd7 {[%emt 0:00:31]} 16. h3
{[%emt 0:00:33]} Bd4 {[%emt 0:00:36]} 17. Bd2 {[%emt 0:00:13]} h6 {[%emt 0:
00:13]} 18. Rad1 {[%emt 0:00:33]} Rde7 {[%emt 0:00:29]} 19. e5 {[%emt 0:00:55]}
Nd5 {[%emt 0:00:24]} 20. Nxd5 {[%emt 0:00:05]} Bxd5 {[%emt 0:00:28] HSK02-003
reconnected.} 21. Bf4 {[%emt 0:00:34]} Bxe5 {[%emt 0:00:16]} 22. Bxe5 {[%emt 0:
00:08]} Rxe5 {[%emt 0:00:03]} 23. Rxe5 {[%emt 0:00:07]} Rxe5 {[%emt 0:00:07]}
24. c4 {[%emt 0:00:21]} Be4 {[%emt 0:01:04]} 25. Bxe4 {[%emt 0:00:10]} Rxe4 {
[%emt 0:00:03]} 26. Rd7 {[%emt 0:00:13]} Kf8 {[%emt 0:00:22]} 27. Rxc7 { [%emt
0:00:04]} Re7 {[%emt 0:00:07]} 28. Rc8+ {[%emt 0:00:15]} Re8 {[%emt 0:00: 03]}
29. Rc7 {[%emt 0:00:11]} Rb8 {[%emt 0:00:05]} 30. Kf1 {[%emt 0:00:20]} g6
{[%emt 0:00:09]} 31. Ke2 {[%emt 0:00:11]} Re8+ {[%emt 0:00:04]} 32. Kf3 { [%emt
0:00:03]} Re7 {[%emt 0:00:02]} 33. Rc8+ {[%emt 0:00:03]} Kg7 {[%emt 0:00: 02]}
34. g3 {[%emt 0:00:19]} a6 {[%emt 0:00:06]} 35. h4 {[%emt 0:00:06]} Kf6 { [%emt
0:00:07]} 36. g4 {[%emt 0:00:11]} Kg7 {[%emt 0:00:50]} 37. a4 {[%emt 0: 01:27]}
Kf6 {[%emt 0:00:30]} 38. Rd8 {[%emt 0:00:17]} Re1 {[%emt 0:00:36]} 39. Rd7
{[%emt 0:00:12]} Re7 {[%emt 0:00:03]} 40. Rd8 {[%emt 0:00:04]} Re1 { [%emt
0:00:56]} 41. Rd7 {[%emt 0:00:09]} Re7 {[%emt 0:00:02]} 42. Rd8 {[%emt 0:
00:02]} 1/2-1/2

[Event "DSJ Weihnachtsturnier U20w 2020"]
[Site "https://play.chessbase.com/en/play?room=DSJWeihnachtU20w"]
[Date "2020.12.29"]
[Round "7"]
[White "Werner, Rosalie"]
[Black "Reich, Elisabeth"]
[Result "1-0"]
[Termination "normal"]
[Board "8.1"]
[WhiteElo "1751"]
[BlackElo "1191"]
[WhiteTeam "VSG 1880 Offenbach"]
[BlackTeam "ATSV Oberkotzau"]
[PlyCount "57"]
[WhiteFideId "16223748"]
[BlackFideId "16239776"]
[EventRounds "7"]
[EventType "team-swiss"]
[EventDate "2020.12.29"]

1. e4 {[%emt 0:00:03]} c5 {[%emt 0:00:02]} 2. Nf3 {[%emt 0:00:02]} Nc6 { [%emt
0:00:03]} 3. d4 {[%emt 0:00:02]} cxd4 {[%emt 0:00:01]} 4. Nxd4 {[%emt 0:
00:02]} Nf6 {[%emt 0:00:03]} 5. Nc3 {[%emt 0:00:03]} e6 {[%emt 0:00:02]} 6. Be2
{[%emt 0:00:05]} Bb4 {[%emt 0:00:03]} 7. f3 {[%emt 0:00:23]} d5 {[%emt 0:00:11]
} 8. exd5 {[%emt 0:00:35]} Nxd5 {[%emt 0:00:04]} 9. Nxc6 {[%emt 0:00:29]} bxc6
{[%emt 0:00:07]} 10. Bd2 {[%emt 0:00:02]} O-O {[%emt 0:00:11]} 11. Nxd5 { [%emt
0:00:33]} Bxd2+ {[%emt 0:00:04]} 12. Qxd2 {[%emt 0:00:02]} cxd5 {[%emt 0:
00:03]} 13. O-O-O {[%emt 0:00:16]} Rb8 {[%emt 0:00:07]} 14. Qd4 {[%emt 0:00:32]
} Qb6 {[%emt 0:00:08]} 15. Qxb6 {[%emt 0:00:07]} Rxb6 {[%emt 0:00:05]} 16. Rd4
{[%emt 0:00:16]} Bd7 {[%emt 0:00:07]} 17. Rhd1 {[%emt 0:00:14]} Rfb8 {[%emt 0:
00:05]} 18. b3 {[%emt 0:00:03]} a5 {[%emt 0:00:04]} 19. a4 {[%emt 0:00:04]} Rc8
{[%emt 0:00:18]} 20. Kb2 {[%emt 0:00:15]} Rbc6 {[%emt 0:00:35]} 21. R1d2 {
[%emt 0:00:05]} Rb6 {[%emt 0:00:05]} 22. Bf1 {[%emt 0:00:13]} h6 {[%emt 0:00:
04]} 23. Be2 {[%emt 0:00:17]} Rc5 {[%emt 0:00:32]} 24. c4 {[%emt 0:00:26]} Bxa4
{[%emt 0:00:17]} 25. Bd1 {[%emt 0:00:26]} dxc4 {[%emt 0:00:17]} 26. Bc2 { [%emt
0:01:01]} c3+ {[%emt 0:00:13]} 27. Ka1 {[%emt 0:00:14]} cxd2 {[%emt 0:00: 03]}
28. Rd8+ {[%emt 0:00:02]} Be8 {[%emt 0:00:08]} 29. Rxe8# {[%emt 0:00:01]} 1-0

[Event "DSJ Weihnachtsturnier U20w 2020"]
[Site "https://play.chessbase.com/en/play?room=DSJWeihnachtU20w"]
[Date "2020.12.29"]
[Round "7"]
[White "Hergenröder, Cora"]
[Black "Buchholz, Maja"]
[Result "0-1"]
[Termination "normal"]
[Board "8.2"]
[WhiteElo "1489"]
[BlackElo "1713"]
[WhiteTeam "ATSV Oberkotzau"]
[BlackTeam "VSG 1880 Offenbach"]
[PlyCount "48"]
[WhiteFideId "34603700"]
[BlackFideId "16200500"]
[EventRounds "7"]
[EventType "team-swiss"]
[EventDate "2020.12.29"]

1. d4 {[%emt 0:00:06]} Nf6 {[%emt 0:00:02]} 2. c4 {[%emt 0:00:02]} g6 {[%emt 0:
00:01]} 3. Nc3 {[%emt 0:00:02]} Bg7 {[%emt 0:00:01]} 4. Nf3 {[%emt 0:00:03]}
O-O {[%emt 0:00:01]} 5. Bf4 {[%emt 0:00:05]} d6 {[%emt 0:00:01]} 6. Qd2 { [%emt
0:00:02]} Re8 {[%emt 0:00:02]} 7. Bh6 {[%emt 0:00:04]} Bh8 {[%emt 0:00: 02]} 8.
e4 {[%emt 0:00:10]} Nbd7 {[%emt 0:00:02]} 9. e5 {[%emt 0:00:10]} dxe5 { [%emt
0:00:08]} 10. dxe5 {[%emt 0:00:04]} Ng4 {[%emt 0:00:03]} 11. Bd3 { [%emt
0:00:25]} Nxh6 {[%emt 0:00:17]} 12. Qxh6 {[%emt 0:00:27]} Nxe5 {[%emt 0:
00:11]} 13. Rd1 {[%emt 0:00:40]} Nxd3+ {[%emt 0:00:17]} 14. Kf1 {[%emt 0:00:24]
} Bg7 {[%emt 0:00:03]} 15. Qh4 {[%emt 0:00:29]} e5 {[%emt 0:00:12]} 16. Ng5 {
[%emt 0:00:16]} h6 {[%emt 0:00:02]} 17. Nf3 {[%emt 0:00:17]} Qxh4 {[%emt 0:00:
02]} 18. Nxh4 {[%emt 0:00:03]} Nxb2 {[%emt 0:00:01]} 19. Rb1 {[%emt 0:00:04]}
Nxc4 {[%emt 0:00:01]} 20. Rb4 {[%emt 0:00:11]} Be6 {[%emt 0:00:06]} 21. Rxb7 {
[%emt 0:00:07]} Rab8 {[%emt 0:00:09]} 22. Rxc7 {[%emt 0:00:07]} e4 {[%emt 0:00:
03]} 23. Ke2 {[%emt 0:00:11]} Bxc3 {[%emt 0:00:03]} 24. Rxc4 {[%emt 0:00:02]}
Bxc4+ {[%emt 0:00:02]} 0-1

[Event "DSJ Weihnachtsturnier U20w 2020"]
[Site "https://play.chessbase.com/en/play?room=DSJWeihnachtU20w"]
[Date "2020.12.29"]
[Round "7"]
[White "Dixon Quiroz, Laura Michaela"]
[Black "Köppel, Clementine"]
[Result "1-0"]
[Termination "normal"]
[Board "8.3"]
[WhiteElo "1304"]
[BlackElo "1244"]
[WhiteTeam "VSG 1880 Offenbach"]
[BlackTeam "ATSV Oberkotzau"]
[PlyCount "163"]
[WhiteFideId "16248708"]
[BlackFideId "34605819"]
[EventRounds "7"]
[EventType "team-swiss"]
[EventDate "2020.12.29"]

1. e4 {[%emt 0:00:03]} e5 {[%emt 0:00:06]} 2. Nf3 {[%emt 0:00:02]} Nf6 { [%emt
0:00:02]} 3. Nc3 {[%emt 0:00:05]} Nc6 {[%emt 0:00:06]} 4. Bc4 {[%emt 0: 00:05]}
Nxe4 {[%emt 0:00:23]} 5. Nxe4 {[%emt 0:00:13]} d5 {[%emt 0:00:02]} 6. Bb5
{[%emt 0:00:10]} dxe4 {[%emt 0:00:05]} 7. Bxc6+ {[%emt 0:00:08]} bxc6 { [%emt
0:00:01]} 8. Nxe5 {[%emt 0:00:09]} c5 {[%emt 0:00:24]} 9. Qe2 {[%emt 0: 00:16]}
Bd6 {[%emt 0:00:06]} 10. Qxe4 {[%emt 0:00:05]} Bxe5 {[%emt 0:00:04]} 11. Qxa8
{[%emt 0:00:03]} c6 {[%emt 0:00:09]} 12. Qxc6+ {[%emt 0:00:03]} Bd7 { [%emt
0:00:14]} 13. Qxc5 {[%emt 0:00:07]} Bb8 {[%emt 0:00:04]} 14. O-O { [%emt
0:00:04]} a6 {[%emt 0:00:04]} 15. Re1+ {[%emt 0:00:09]} Be6 {[%emt 0:00: 06]}
16. d4 {[%emt 0:00:10]} Qc7 {[%emt 0:00:11]} 17. g3 {[%emt 0:00:05]} Qb7 {
[%emt 0:00:45]} 18. d5 {[%emt 0:00:08]} Ba7 {[%emt 0:00:30]} 19. Qc6+ {[%emt 0:
00:32]} Qxc6 {[%emt 0:00:27]} 20. dxc6 {[%emt 0:00:04]} Ke7 {[%emt 0:00:09]}
21. Bf4 {[%emt 0:00:14]} Rc8 {[%emt 0:00:05]} 22. c7 {[%emt 0:00:06]} Bb6 {
[%emt 0:00:05]} 23. Rad1 {[%emt 0:00:21]} Bxc7 {[%emt 0:00:04]} 24. Bxc7 {
[%emt 0:00:04]} Rxc7 {[%emt 0:00:02]} 25. Rd2 {[%emt 0:00:08]} Kf6 {[%emt 0:00:
14]} 26. f4 {[%emt 0:00:11]} Bxa2 {[%emt 0:00:02]} 27. b3 {[%emt 0:00:03]} a5 {
[%emt 0:00:06]} 28. g4 {[%emt 0:00:05]} a4 {[%emt 0:00:02]} 29. bxa4 {[%emt 0:
00:08]} g5 {[%emt 0:00:12]} 30. Rd6+ {[%emt 0:00:08]} Kg7 {[%emt 0:00:08]} 31.
fxg5 {[%emt 0:00:43]} Rxc2 {[%emt 0:00:06]} 32. a5 {[%emt 0:00:08]} Be6 { [%emt
0:00:41]} 33. a6 {[%emt 0:00:30]} Ra2 {[%emt 0:00:07]} 34. h3 {[%emt 0: 00:05]}
Bc8 {[%emt 0:00:04]} 35. Red1 {[%emt 0:00:24]} Bxa6 {[%emt 0:00:05]} 36. R1d2
{[%emt 0:00:07]} Bc4 {[%emt 0:00:11]} 37. Rxa2 {[%emt 0:00:05]} Bxa2 { [%emt
0:00:02]} 38. Kf2 {[%emt 0:00:04]} Be6 {[%emt 0:00:04]} 39. Kf3 {[%emt 0:
00:03]} Kg6 {[%emt 0:00:01]} 40. Kf4 {[%emt 0:00:02]} h6 {[%emt 0:00:07]} 41.
h4 {[%emt 0:00:03]} hxg5+ {[%emt 0:00:05]} 42. hxg5 {[%emt 0:00:05]} Kg7 {
[%emt 0:00:05]} 43. Rd1 {[%emt 0:00:25]} Bb3 {[%emt 0:00:19]} 44. Re1 {[%emt 0:
00:11]} Kg6 {[%emt 0:00:19]} 45. Rh1 {[%emt 0:00:06]} Bd5 {[%emt 0:00:05]} 46.
Rh6+ {[%emt 0:00:02]} Kg7 {[%emt 0:00:04]} 47. Kf5 {[%emt 0:00:06]} Be6+ {
[%emt 0:00:04]} 48. Kf4 {[%emt 0:00:12]} Bd5 {[%emt 0:00:17]} 49. Ke5 {[%emt 0:
00:11]} Bf3 {[%emt 0:00:07]} 50. Kf5 {[%emt 0:00:03]} Bd5 {[%emt 0:00:03]} 51.
Ra6 {[%emt 0:00:15]} Bc4 {[%emt 0:00:17]} 52. Rb6 {[%emt 0:00:03]} Bd3+ { [%emt
0:00:05]} 53. Ke5 {[%emt 0:00:06]} Be2 {[%emt 0:00:08]} 54. Kf4 {[%emt 0:
00:03]} Bc4 {[%emt 0:00:06]} 55. Ke5 {[%emt 0:00:16]} Be2 {[%emt 0:00:07]} 56.
Kf5 {[%emt 0:00:14]} Bd3+ {[%emt 0:00:03]} 57. Kf4 {[%emt 0:00:03]} Bc4 { [%emt
0:00:03]} 58. Rf6 {[%emt 0:00:18]} Bd3 {[%emt 0:00:12]} 59. Ke3 {[%emt 0:
00:09]} Bc2 {[%emt 0:00:05]} 60. Kf4 {[%emt 0:00:02]} Bd3 {[%emt 0:00:04]} 61.
Ke5 {[%emt 0:00:03]} Bc2 {[%emt 0:00:11]} 62. Kd6 {[%emt 0:01:08]} Bd3 { [%emt
0:00:03]} 63. Ke7 {[%emt 0:00:04]} Bc4 {[%emt 0:00:04]} 64. Rd6 {[%emt 0:
00:29]} Bd3 {[%emt 0:00:12]} 65. Rxd3 {[%emt 0:00:15]} Kg6 {[%emt 0:00:04]} 66.
Rd5 {[%emt 0:00:02]} Kg7 {[%emt 0:00:04]} 67. Rf5 {[%emt 0:00:03]} Kg6 { [%emt
0:00:02]} 68. Rxf7 {[%emt 0:00:04]} Kxg5 {[%emt 0:00:03]} 69. Rg7+ { [%emt
0:00:02]} Kf4 {[%emt 0:00:03]} 70. g5 {[%emt 0:00:04]} Kf5 {[%emt 0:00: 03]}
71. g6 {[%emt 0:00:04]} Kg5 {[%emt 0:00:02]} 72. Kf7 {[%emt 0:00:04]} Kh6
{[%emt 0:00:02]} 73. Rh7+ {[%emt 0:00:02]} Kg5 {[%emt 0:00:04]} 74. g7 { [%emt
0:00:01]} Kf5 {[%emt 0:00:02]} 75. g8=Q {[%emt 0:00:06]} Kf4 {[%emt 0:00: 03]}
76. Qe8 {[%emt 0:00:08]} Kf3 {[%emt 0:00:05]} 77. Qe5 {[%emt 0:00:01]} Kf2
{[%emt 0:00:03]} 78. Qc3 {[%emt 0:00:03]} Kg2 {[%emt 0:00:03]} 79. Qh3+ { [%emt
0:00:05]} Kf2 {[%emt 0:00:03]} 80. Rg7 {[%emt 0:00:03]} Ke2 {[%emt 0:00: 03]}
81. Rg2+ {[%emt 0:00:02]} Kf1 {[%emt 0:00:04]} 82. Qh1# {[%emt 0:00:02]} 1-0